Central Library OPAC University of Rajshahi

Integral calculus : (Record no. 38787)

MARC details
000 -LEADER
fixed length control field 00635nam a2200217 a 4500
001 - CONTROL NUMBER
control field 38787
003 - CONTROL NUMBER IDENTIFIER
rucl marc code BD-RjUL
005 - DATE AND TIME OF LATEST TRANSACTION
control field 20211209052848.0
008 - FIXED-LENGTH DATA ELEMENTS--GENERAL INFORMATION
fixed length control field 160228s1983 ii a|||| |||| 00| 0 eng d
035 ## - SYSTEM CONTROL NUMBER
System control number (BD-RjUL)38896
040 ## - CATALOGING SOURCE
Original cataloging agency BD-RjUL
Language of cataloging eng
Transcribing agency BD-RjUL
041 ## - LANGUAGE CODE
Language code of text/sound track or separate title eng
082 ## - DEWEY DECIMAL CLASSIFICATION NUMBER
Edition number 23
Classification number 515.43
Author mark and year DAI 1983
100 ## - MAIN ENTRY--PERSONAL NAME
Personal name Das, B. C.
9 (RLIN) 119650
245 ## - TITLE STATEMENT
Title Integral calculus :
Remainder of title including differential equations /
Statement of responsibility, etc. B. C. Das , B. N. Mukherjee.
260 ## - PUBLICATION, DISTRIBUTION, ETC. (IMPRINT)
Place of publication, distribution, etc. Calcutta :
Name of publisher, distributor, etc. U.N. Dhur,
Date of publication, distribution, etc. 1983.
300 ## - PHYSICAL DESCRIPTION
Pagination 480 p. :
Illustrations ill. ;
Size 19 cm
650 ## - SUBJECT ADDED ENTRY--TOPICAL TERM
Topical term or geographic name as entry element Calculus, Integral
9 (RLIN) 118947
700 ## - ADDED ENTRY--PERSONAL NAME
Personal name Mukherjee, B. N.
942 ## - ADDED ENTRY ELEMENTS (KOHA)
Source of classification or shelving scheme Dewey Decimal Classification
Koha item type Books
Holdings
Lost status Source of classification or shelving scheme Damaged status Not for loan Collection code Permanent Location Current Location Shelving location Date acquired Source of acquisition Cost, normal purchase price Total Checkouts Full call number Date last seen Date checked out Copy number Koha item type
  Dewey Decimal Classification     Non-fiction Central Library, University of Rajshahi Central Library, University of Rajshahi   25/08/1984 Imprial book, Rajshahi 85.80 8 515.43 DAI 1983 06/05/2026 20/04/2026 C-2 Books
  Dewey Decimal Classification   Not For Loan Non-fiction Central Library, University of Rajshahi Central Library, University of Rajshahi Reading Room   Imprial book, Rajshahi 85.80   515.43 DAI 1983 26/10/2023   C-1 Books